01627nam a2200421 i 450000100060000000300080000600500170001400600190003100700150005000800410006502000180010602000270012403500230015103500240017403500250019803500210022304000310024405000190027508200150029424500840030926400450039330000410043833600310047933700330051033800430054350000230058650400290060958801260063859001640076465000350092865000390096365500270100270000390102970000390106879700190110785600620112699900170118831748FlNmELB20241216220702.0m o d | cr cnu||||||||140829s2014 ag ob 001 0 spa d z9789873615030 a9781413521788 (e-book) a(MiAaPQ)EBC3221418 a(Au-PeEL)EBL3221418 a(CaPaEBR)ebr10889644 a(OCoLC)992041441 aFINmELBbspaerdacFINmELB 4aH62bE194 20140 a300.7222300aEconomía política /cSantiago Fraschina y Mariano Kestelboim coordinadores. 1aItuzaingó :bEditorial Maipue,c[2014] a1 recurso en línea (215 páginas) atextobtxt2rdacontent/spa acomputadorabc2rdamedia/spa arecurso en líneabcr2rdacarrier/spa aContiene índice. aContiene bibliografía. aDescripción basada en recurso en línea; Título de la página del título en PDF (e-libro, visto august 29, 2014). aRecurso electrónico. Santa Fe, Arg.: e-libro, 2015. Disponible vía World Wide Web. El acceso puede estar limitado para las bibliotecas afiliadas a e-libro. 0aEconomicsxStudy and teaching. 4aEconomíaxEstudio y enseñanza. 4aLibros electrónicos.1 aFraschina, Santiago,ecoordinador.1 aKestelboim, Mariano,ecoordinador.2 ae-libro, Corp.40uhttps://elibro.net/ereader/politecnicointernacional/77311 c31748d31748